[Event "XXVII Open A"]
[Site "Balatonlelle HUN"]
[Date "2009.06.16"]
[Round "4"]
[White "Czebe,A"]
[Black "Gara,A"]
[Result "0-1"]
[WhiteElo "2472"]
[BlackElo "2326"]

1.c4 e6 2.Nf3 d5 3.e3 c5 4.cxd5 exd5 5.b3 Nf6 6.Bb2 Bd6 7.Be2 O-O 8.O-O Nc6
9.d4 Re8 10.dxc5 Bxc5 11.a3 a6 12.b4 Ba7 13.Nd4 Ne5 14.Nd2 Qd6 15.N4f3 Neg4
16.h3 Nxe3 17.fxe3 Bxe3+ 18.Rf2 Qg3 19.Qf1 Bxh3 20.Bxf6 gxf6 21.Bd3 Rac8
22.Kh1 Bxf2 23.gxh3 Re3 24.Bf5 Rcc3 25.Qg2 Rxf3 26.Nxf3 Rxf3 27.Bc8 b6 28.Bxa6 Kf8
29.Qxg3 Bxg3 30.Bb7 Be5 31.Rd1 Rxh3+ 32.Kg2 Rxa3 33.Bxd5 Kg7 34.Rh1 h6 35.Rh3 Ra1
36.b5 Kg6 37.Rd3 f5 38.Bc6 Kg5 39.Rd7 f6 40.Rd3 h5 41.Bd7 h4 42.Bc6 Kg4 43.Bf3+ Kf4
44.Bc6 Ra2+ 45.Kg1 Rb2 46.Kf1 Kg5 47.Kg1 Bg3 48.Kf1 Rf2+ 49.Kg1 f4 50.Rd8 f3
51.Rd3 Kf4 52.Rd4+ Ke3 53.Re4+ Kd3 54.Ra4 h3 55.Ra1 Ke3 56.Rb1 Bh4 57.Rb4 Bg3
58.Rb1 Kf4 59.Rb4+ Kg5 60.Rb1 Bh4 61.Rb4 f5 62.Rb1 Kf4 63.Kh1 Be7 64.Rc1 Bc5
65.Rg1 Rg2 66.Rf1 Bf2  0-1

[Event "Open"]
[Site "Varna BUL"]
[Date "2009.06.16"]
[Round "6"]
[White "Serafimov,T"]
[Black "Danilov,V"]
[Result "1/2-1/2"]
[WhiteElo "2388"]
[BlackElo "2410"]

1.c4 e6 2.Nf3 d5 3.d4 c6 4.Qc2 Be7 5.Nc3 Nf6 6.e4 Nxe4 7.Nxe4 dxe4 8.Qxe4 Nd7
9.a3 c5 10.Be3 Bf6 11.O-O-O Qb6 12.Ne5 cxd4 13.Bxd4 Nc5 14.Bxc5 Qxc5 15.f4 Bxe5
16.fxe5 Bd7 17.Qxb7 Bc6 18.Qb4 Qxe5 19.Bd3 Rb8 20.Rhe1 Qf4+ 21.Qd2 Qxd2+
22.Rxd2 a5 23.Be4 Ba4 24.c5 Ke7 25.Rd4 Bb3 26.Bc2 a4 27.Bxb3 axb3 28.Re3 Rhc8
29.Rc3 Rb5 30.Rdc4 e5 31.Kd2 Ke6 32.a4 Rbb8 33.c6 Rc7 34.a5 Ra8 35.Ra4 Ra6
36.Rxb3 Raxc6 37.Ke3 f5 38.a6 Ra7 39.Rba3 g5 40.b4 f4+ 41.Kf3 h5 42.Ra2 g4+
43.Kf2 Rb6 44.Ke2 Rb5 45.Kd3 Kd5 46.Ra5 e4+ 47.Kc3 Kc6 48.Kc4 Rxa5 49.Rxa5 Kb6
50.Re5 Rc7+ 51.Kd4 f3 52.gxf3 exf3 53.Ke3 h4 54.b5 Rc3+ 55.Kd4 Ra3 56.Kc4 Ra4+
57.Kb3  1/2-1/2

[Event "Open"]
[Site "Teplice CZE"]
[Date "2009.06.17"]
[Round "5"]
[White "Groh,J"]
[Black "Horak,Ji1"]
[Result "1/2-1/2"]
[WhiteElo "2159"]
[BlackElo "2261"]

1.c4 e6 2.Nf3 d5 3.d4 c6 4.e3 Nf6 5.Be2 Nbd7 6.O-O Be7 7.Nc3 O-O 8.Qc2 dxc4
9.Bxc4 c5 10.Rd1 Qc7 11.b3 a6 12.a4 b6 13.d5 exd5 14.Nxd5 Nxd5 15.Bxd5 Ra7
16.Bb2 Bf6 17.Rac1 Bxb2 18.Qxb2 Nf6 19.Bc4 Bg4 20.Be2 Qe7 21.h3 Bxf3 22.Bxf3 Rd8
23.Qe2 g6 24.Qc4 a5 25.Qb5 Rb7 26.Rc2 Rdd7  1/2-1/2

[Event "13th Master Open"]
[Site "Voronezh RUS"]
[Date "2009.06.17"]
[Round "6"]
[White "Zablotsky,S"]
[Black "Belov,Vl"]
[Result "1/2-1/2"]
[WhiteElo "2540"]
[BlackElo "2623"]

1.c4 e6 2.Nf3 d5 3.d4 Nf6 4.g3 Bb4+ 5.Bd2 Be7 6.Bg2 O-O 7.O-O c6 8.Qc2 Nbd7
9.Bf4 Nh5 10.Bc1 Nhf6 11.Bf4 Nh5 12.Bc1 Nhf6  1/2-1/2

[Event "13th Master Open"]
[Site "Voronezh RUS"]
[Date "2009.06.19"]
[Round "8"]
[White "Potapov,Alexe"]
[Black "Bezgodova,S"]
[Result "1-0"]
[WhiteElo "2354"]
[BlackElo "2198"]

1.c4 e6 2.Nf3 d5 3.b3 c5 4.Bb2 Nc6 5.e3 Nf6 6.Be2 Bd6 7.O-O O-O 8.Nc3 a6
9.cxd5 exd5 10.d4 cxd4 11.Nxd4 Bc7 12.Ba3 Re8 13.Nxc6 bxc6 14.Rc1 Be5 15.Na4 Qc7
16.g3 Ne4 17.Bf3 Bf5 18.Bb2 Bxb2 19.Nxb2 Rad8 20.Na4 Ng5 21.Bg2 Be4 22.Qg4 h6
23.Nc5 Bxg2 24.Kxg2 a5 25.Rfd1 Rd6 26.h4 Ne6 27.Qa4 Nf8 28.Rd4 h5 29.Qa3 Rg6
30.Rc3 Rf6 31.Nd3 Qd7 32.Qxa5 Re4 33.Nc5 Qg4 34.Nxe4 dxe4 35.Rd2 Ng6 36.Qg5 Qf3+
37.Kg1 Rf5 38.Qd8+ Kh7 39.Rxc6 Ne5 40.Rc5 Qg4 41.Rxe5 Rxe5 42.Rd5 Rxd5 43.Qxd5 f5
44.a4 g6 45.Qd2 Qf3 46.b4 g5 47.Qd7+ Kh8 48.hxg5 h4 49.g6  1-0

[Event "Oceania Zonal"]
[Site "Gold Coast AUS"]
[Date "2009.06.20"]
[Round "1"]
[White "Smith,Ro"]
[Black "Selnes,H"]
[Result "1-0"]
[WhiteElo "2274"]
[BlackElo "1921"]

1.c4 e6 2.Nf3 d5 3.d4 Nf6 4.e3 c5 5.Nbd2 Nc6 6.Be2 Bd6 7.O-O O-O 8.b3 e5
9.dxe5 Nxe5 10.Bb2 Re8 11.cxd5 Bf5 12.Nc4 Nxc4 13.bxc4 Qc7 14.h3 Ne4 15.Bd3 f6
16.Qc2 Bg6 17.Nd2 f5 18.Nf3 Qe7 19.Rab1 f4 20.exf4 Bxf4 21.Rbe1 a6 22.Re2 Qf7
23.Bxe4 Rxe4 24.Rxe4 Qf5 25.Qc3  1-0

[Event "Salongernas IM"]
[Site "Stockholm SWE"]
[Date "2009.06.21"]
[Round "5"]
[White "Olsson,Kr"]
[Black "Vul,A"]
[Result "1/2-1/2"]
[WhiteElo "2323"]
[BlackElo "2322"]

1.c4 e6 2.Nf3 d5 3.g3 Nf6 4.Bg2 Be7 5.O-O O-O 6.b3 Nbd7 7.Nc3 b6 8.Bb2 Bb7
9.d4 c5 10.cxd5 Nxd5 11.Nxd5 Bxd5 12.Qd2 Bf6 13.Rad1 Rc8 14.Rfe1 cxd4 15.Bxd4 Bxf3
16.Bxf3 Bxd4 17.Qxd4 Nf6 18.Qxd8 Rfxd8 19.Rxd8+ Rxd8 20.Rc1 Kf8 21.Rc7 Rd7
22.Rc8+ Ke7 23.Ra8 Kd6 24.Rc8 Rc7 25.Rd8+ Rd7 26.Rc8 Rc7 27.Rd8+ Rd7  1/2-1/2

[Event "8th Open"]
[Site "La Fere FRA"]
[Date "2009.07.09"]
[Round "7"]
[White "Pavillon,G"]
[Black "Tillet,L"]
[Result "0-1"]
[WhiteElo "1843"]
[BlackElo "2190"]

1.c4 e6 2.Nf3 d5 3.g3 c5 4.Bg2 Nf6 5.O-O Be7 6.cxd5 exd5 7.d4 O-O 8.Nc3 Nc6
9.dxc5 d4 10.Nb1 Bxc5 11.Nbd2 Re8 12.Nb3 Bb6 13.h3 Bf5 14.Nh4 Be4 15.a3 Qd5
16.Bd2 Rad8 17.Nc1 Bxg2 18.Nxg2 Qf5 19.Kh2 Ne5 20.Nf4 Nc4 21.Be1 g5 22.Qd3 Qc8
23.Ng2 Ne5 24.Qd2 Ne4 25.Qd1 Rd6 26.Nd3 Rh6 27.h4 gxh4 28.Nxh4 Ng5 29.Rh1 Rxh4+
30.gxh4 Qh3+ 31.Kg1 Nef3+ 32.exf3 Nxf3+ 33.Qxf3 Qxf3  0-1

[Event "12th Festival IM"]
[Site "Bischwiller FRA"]
[Date "2009.07.10"]
[Round "7"]
[White "Dobosz,H"]
[Black "Barsov,A"]
[Result "0-1"]
[WhiteElo "2404"]
[BlackElo "2511"]

1.c4 e6 2.Nf3 d5 3.d4 Nf6 4.e3 a6 5.a3 dxc4 6.Bxc4 b5 7.Bd3 Bb7 8.a4 b4 9.O-O c5
10.Nbd2 cxd4 11.e4 Nfd7 12.Nc4 Nc5 13.e5 Be7 14.Re1 Nbd7 15.Bf1 d3 16.Bf4 O-O
17.Re3 Be4 18.Ne1 Nb6 19.Nxb6 Qxb6 20.Bxd3 Nxd3 21.Nxd3 Qd4 22.Ne1 Rfd8 23.Qxd4 Rxd4
24.Nf3 Bxf3 25.Rxf3 Rc8 26.h3 Rc2 27.Rb1 g5 28.Bg3 h5 29.h4 g4 30.Rf4 Rxf4
31.Bxf4 Bxh4 32.g3 Be7 33.Be3 Bc5 34.Bxc5 Rxc5 35.Re1 Rc2 36.Rd1 Rxb2 37.Rd6 Re2
38.Rxa6 Rxe5 39.Rb6 Re4 40.a5 Re1+ 41.Kg2 Ra1 42.a6 Kg7  0-1

[Event "ch-EGY"]
[Site "Cairo EGY"]
[Date "2009.07.12"]
[Round "5"]
[White "Amin,A"]
[Black "Adly,A"]
[Result "0-1"]
[WhiteElo "2357"]
[BlackElo "2548"]

1.c4 e6 2.Nf3 d5 3.e3 Nf6 4.Nc3 Be7 5.Qc2 O-O 6.Be2 c5 7.cxd5 Nxd5 8.O-O Nc6
9.a3 b6 10.b3 Bb7 11.Bb2 Rc8 12.d3 Nd4 13.Qd1 Nxc3 14.Bxc3 Nxf3+ 15.Bxf3 Bxf3
16.gxf3 Bf6 17.Rc1 Bxc3 18.Rxc3 Qf6 19.Rc4 Rcd8 20.Kh1 Rd5 21.Qe2 Rfd8 22.Rd1 Qg6
23.Rg4 Qf6 24.b4 Qc3 25.bxc5 bxc5 26.Ra4 R8d7 27.Ra6 g6 28.a4 Qb3 29.Ra5 Qb4
30.Ra6 Rh5 31.d4 cxd4 32.Qc2 Rc5 33.Qe4 Qc4 34.Qd3 Qxd3 35.Rxd3 dxe3 36.Rxe3 Rd1+
37.Kg2 Rg5+ 38.Kh3 Rdg1 39.Re4 Rf5 40.Rg4 Rxf3+ 41.Rg3 Rgxg3+ 42.fxg3 Rf2
43.g4 h5 44.Kg3 Rd2 45.gxh5 gxh5 46.Rxa7 Kg7 47.a5 Kg6 48.a6 h4+ 49.Kxh4 Rxh2+
50.Kg3 Ra2 51.Ra8 e5 52.Kf3 Kf5 53.Rf8 Ra3+ 54.Kf2 f6 55.Ra8 Kf4 56.a7 Ra2+
57.Ke1 f5 58.Kd1 e4 59.Kc1 e3 60.Kd1 e2+ 61.Ke1 Kf3  0-1

[Event "12th Open"]
[Site "Malaga ESP"]
[Date "2009.07.13"]
[Round "4"]
[White "Suba,M"]
[Black "Perez Pardo,J"]
[Result "1-0"]
[WhiteElo "2540"]
[BlackElo "2280"]

1.c4 e6 2.Nf3 d5 3.b3 c5 4.g3 Nc6 5.Bg2 Nf6 6.O-O Be7 7.cxd5 Nxd5 8.Bb2 Bf6
9.Qc1 Bxb2 10.Qxb2 O-O 11.d4 cxd4 12.Nxd4 Qf6 13.Rd1 Bd7 14.Na3 Nb6 15.Rab1 Nxd4
16.Qxd4 Qxd4 17.Rxd4 Bc6 18.Bxc6 bxc6 19.Rc1 Rfc8 20.Rc5 a5 21.Nc4 Nxc4 22.Rdxc4 Ra6
23.Rb5 f5 24.Rb7 Rd8 25.e3 a4 26.bxa4 h6 27.Rc7 Rd2 28.Rb4 Rc2 29.h4 h5 30.Rbb7 Kh7
31.Rxg7+ Kh6 32.Rge7 c5 33.a5 Kg6 34.Rb6 Rxb6 35.axb6 Kf6 36.b7 Rb2 37.Rc7  1-0

[Event "12th Open"]
[Site "Malaga ESP"]
[Date "2009.07.14"]
[Round "5"]
[White "Strikovic,A"]
[Black "Jessel,S"]
[Result "1-0"]
[WhiteElo "2523"]
[BlackElo "2275"]

1.c4 e6 2.Nf3 d5 3.g3 Nf6 4.b3 Be7 5.Bg2 O-O 6.O-O c5 7.cxd5 Nxd5 8.Bb2 b6
9.d4 cxd4 10.Nxd4 Bb7 11.e4 Nf6 12.Nc3 Na6 13.e5 Bxg2 14.exf6 Bxf6 15.Nxe6 fxe6
16.Kxg2 Rc8 17.Rc1 Nb4 18.Qe2 Nd3 19.Rcd1 Bxc3 20.Rxd3 Qf6 21.Bxc3 Rxc3 22.Rxc3 Qxc3
23.Qxe6+ Kh8 24.Qe2 h6 25.Rd1 Qc6+ 26.Kg1 Re8 27.Qd3 Qc5 28.h4 Re7 29.Qg6 Qc8
30.b4 Re2 31.b5 Rxa2 32.Re1  1-0

[Event "61st ch-MNE"]
[Site "Cetinje MNE"]
[Date "2009.07.15"]
[Round "6"]
[White "Pajkovic,V"]
[Black "Ivanovic,B"]
[Result "0-1"]
[WhiteElo "2428"]
[BlackElo "2415"]

1.c4 e6 2.Nf3 d5 3.d4 Nf6 4.Nc3 Bb4 5.cxd5 exd5 6.Bg5 Nbd7 7.Qc2 O-O 8.e3 c5
9.Bd3 Qa5 10.O-O c4 11.Bf5 Bxc3 12.bxc3 Re8 13.Nd2 g6 14.Bh3 Ne4 15.Nxe4 dxe4
16.Bxd7 Bxd7 17.Bf4 Bc6 18.a4 Rac8 19.Rfb1 Qd5 20.a5 a6 21.Rb6 Re6 22.Qb2 g5
23.Bg3 h5 24.h3 Kh7 25.Qe2 h4 26.Be5 Rg8 27.Rab1 Reg6 28.Rxc6 bxc6 29.Qh5+ Rh6
30.Qg4 Kg6 31.Rb7 Rh7 32.Rd7 f5 33.Rxd5 fxg4 34.Rd6+ Kh5 35.Rxc6 Rb7 36.Rxa6 Rb1+
37.Kh2 Rf1 38.hxg4+ Kxg4 39.Rf6 Kh5 40.Rf7 Ra1 41.g3 Rxa5 42.gxh4 Kxh4 43.Rc7 Kg4
44.Kg2 Rf8 45.Bg3 Rf3 46.Bh2 Ra2 47.Bg1 Rxe3 48.Rxc4 Rg3+ 49.Kh1 e3  0-1

[Event "ch-SCO"]
[Site "Edinburgh SCO"]
[Date "2009.07.18"]
[Round "8"]
[White "Grant,J"]
[Black "Foord,D"]
[Result "1-0"]
[WhiteElo "2254"]
[BlackElo "2069"]

1.c4 e6 2.Nf3 d5 3.d4 Nf6 4.g3 Bb4+ 5.Bd2 Be7 6.Bg2 O-O 7.O-O c6 8.Bg5 b6
9.Nbd2 Bb7 10.Qc2 Nbd7 11.Rac1 Rc8 12.Rfd1 h6 13.Bxf6 Nxf6 14.e4 dxe4 15.Nxe4 Qc7
16.c5 Rfd8 17.b4 Nd5 18.a3 a5 19.Qb3 axb4 20.axb4 Ba6 21.Ne5 bxc5 22.Nxc5 Bxc5
23.Rxc5 Qb7 24.Rb1 Bb5 25.Rbc1 Rd6 26.Bxd5 Rxd5 27.Rxd5 cxd5 28.Rc5 Ra8 29.Qc3 Qa6
30.h4 f6 31.Ng6 Bc4 32.h5 Qa2 33.Qe3 Qb1+ 34.Kg2 Qf1+ 35.Kh2 Kh7 36.Ra5 Rb8
37.Ra7 Qd1 38.Nf4 Re8 39.Rb7 e5 40.dxe5 Rxe5 41.Qa7 Rg5 42.Rb8 d4 43.Qa8 Rxh5+
44.Nxh5 Qxh5+ 45.Kg1 Qf5 46.Rd8 Qd3 47.Qa1 Bb5 48.Rxd4 Qf5 49.Qd1 Qg6 50.Rg4 Ba4
51.Qe2 Qb1+ 52.Kh2 f5 53.Rd4 Bc6 54.f3 Bb5 55.Qxb5 Qb2+ 56.Kh3 Qxd4 57.Qxf5+ Kh8
58.b5 Qc4 59.b6 Qf1+ 60.Kg4 Qc4+ 61.Qe4 Qc8+ 62.Qf5 h5+ 63.Kg5 Qd8+ 64.Kxh5 Qxb6
65.f4 Qd8 66.Qe4 Qd1+ 67.Kg5 Qd8+ 68.Kg4 Qd1+ 69.Kh4 Qd8+ 70.Kh3 Qd7+ 71.f5 Kg8
72.g4 Qd8 73.Qe3 Kh8 74.g5 Qc8 75.Kg4 Qc4+ 76.Kh5 Qf7+ 77.Kg4 Qc4+ 78.Kg3 Qc7+
79.Qf4 Qc3+ 80.Kg4 Qb2 81.g6 Qg2+ 82.Kh4 Qh1+ 83.Kg3 Qg1+ 84.Kh3 Qh1+ 85.Qh2 Qxh2+
86.Kxh2 Kg8 87.Kg3 Kf8 88.Kf4 Ke8 89.Ke4 Kf8 90.Ke5 Ke7 91.Ke4 Ke8 92.Ke5 Kf8
93.Ke6  1-0

[Event "12th Open"]
[Site "Malaga ESP"]
[Date "2009.07.18"]
[Round "9"]
[White "Perez Pardo,J"]
[Black "Karim,I"]
[Result "1-0"]
[WhiteElo "2280"]
[BlackElo "2407"]

1.c4 e6 2.Nf3 d5 3.d4 c6 4.Qc2 Nf6 5.g3 dxc4 6.Qxc4 b5 7.Qc2 Bb7 8.Bg2 c5
9.dxc5 Nbd7 10.b4 a5 11.Bd2 Be4 12.Qb2 axb4 13.Bxb4 Nxc5 14.Nc3 Na4 15.Nxa4 Rxa4
16.Bxf8 Qa5+ 17.Nd2 Rxf8 18.O-O Bxg2 19.Kxg2 Ke7 20.Rfc1 Rd8 21.Nf3 Rc4 22.Ne5 Rd2
23.Rxc4 Rxb2 24.Nc6+ Kd7 25.Nxa5 bxc4 26.Nxc4 Rxe2 27.a4 Rc2 28.Ne5+ Kd6
29.Nxf7+ Kd5 30.a5 Ne4 31.a6 Rxf2+ 32.Kg1 Rxf7 33.a7 Rf8 34.a8=Q+ Rxa8 35.Rxa8 Ke5
36.Rf8 h6 37.Rf7 g6 38.Kg2 Nd6 39.Rf8 h5 40.Kh3 Ne4 41.Rf1 g5 42.g4 Nd2 43.Re1+ Kf4
44.gxh5 g4+ 45.Kg2 Kg5 46.Re5+ Kh6 47.Kg3 Nf3 48.Rxe6+ Kxh5 49.h3  1-0

[Event "17th Open"]
[Site "Saint Affrique FRA"]
[Date "2009.07.24"]
[Round "8"]
[White "Collas,S"]
[Black "Flear,G"]
[Result "1/2-1/2"]
[WhiteElo "2315"]
[BlackElo "2490"]

1.c4 e6 2.Nf3 d5 3.d4 Nf6 4.Bg5 dxc4 5.Qa4+ c6 6.Qxc4 b5 7.Qc2 Bb7 8.e3 Nbd7
9.Nbd2 a6 10.a4 Bb4 11.Be2 c5 12.Bxf6 gxf6 13.axb5 axb5 14.Rxa8 Qxa8 15.dxc5 Nxc5
16.Bxb5+ Ke7 17.O-O Rc8 18.Be2 Ne4 19.Qb3 Bxd2 20.Nxd2 Nc5 21.Qa3 Bxg2 22.Qxa8 Bxa8
23.Rc1 Rd8 24.Nf1 Ne4 25.Rc7+ Kd6 26.Ra7 Bd5 27.f3 Rg8+ 28.Ng3 Nxg3 29.hxg3 e5
30.Ra6+ Ke7 31.Ra5 Be6 32.Kf2 Rc8 33.Bd3 h5 34.Ke2 Rg8 35.Kf2 Rd8 36.Ke2 Rg8
37.Kf2 Rd8 38.Ke2  1/2-1/2

[Event "13th Battle of Senta Open A"]
[Site "Senta SRB"]
[Date "2009.07.24"]
[Round "8"]
[White "Manojlovic,Sa"]
[Black "Mijic,V"]
[Result "0-1"]
[WhiteElo "2084"]
[BlackElo "2220"]

1.c4 e6 2.Nf3 d5 3.g3 Nf6 4.Bg2 Be7 5.O-O O-O 6.Qc2 Nbd7 7.d4 c6 8.Nbd2 b6
9.e4 dxe4 10.Nxe4 Bb7 11.Rd1 Qc8 12.Bf4 c5 13.Nd6 Bxd6 14.Bxd6 Re8 15.d5 exd5
16.cxd5 h6 17.Nh4 Ne5 18.Nf5 Qd7 19.Re1 Ng6 20.Red1 Bc8 21.Bh3 Qd8 22.Bf4 Nxf4
23.gxf4 Nh5 24.d6 Nxf4 25.Bg4 Qg5 26.f3 Re2 27.Ne7+ Kh8 28.Nxc8 Rxc2 29.d7 Ne6  0-1

[Event "ch-AUT"]
[Site "Jenbach AUT"]
[Date "2009.07.25"]
[Round "1"]
[White "Wagner,Stef AUT"]
[Black "Schachinger,M"]
[Result "1/2-1/2"]
[WhiteElo "2096"]
[BlackElo "2351"]

1.c4 e6 2.Nf3 d5 3.d4 Nf6 4.e3 Be7 5.Nc3 O-O 6.Bd3 dxc4 7.Bxc4 a6 8.O-O b5
9.Bd3 Bb7 10.Qe2 Nbd7 11.Rd1 c5 12.dxc5 b4 13.Na4 Qa5 14.b3 Bxc5 15.Nxc5 Nxc5
16.Bb2 Nxd3 17.Rxd3 Be4 18.Rd4 Rac8 19.Ne1 Rfd8 20.f3 Rxd4 21.Bxd4 Bc6 22.e4 e5
23.Bb2 Nd7 24.Qe3 f6 25.a3 bxa3 26.Bxa3 Bb5 27.Rc1 Rxc1 28.Bxc1 Qa1 29.Bd2 Qd1
30.Bb4 h6 31.h3 Kh7 32.Kh2 Kg8 33.Qc3 Kh7 34.Nc2 Qd3 35.Ne3 Qxc3 36.Bxc3 Nb8
37.Kg1 Nc6 38.Kf2 Kg6 39.Nf5 Kf7 40.Nd6+ Ke7 41.Nf5+ Kf7 42.Nd6+  1/2-1/2

[Event "Najdorf Mem Open"]
[Site "Warsaw POL"]
[Date "2009.07.25"]
[Round "8"]
[White "Couso,L"]
[Black "Baumann,D"]
[Result "1-0"]
[WhiteElo "2284"]
[BlackElo "2106"]

1.Nf3 e6 2.c4 d5 3.g3 Nf6 4.Bg2 Be7 5.O-O O-O 6.d4 c6 7.Nc3 Nbd7 8.Qc2 dxc4
9.a4 c5 10.Rd1 Re8 11.d5 exd5 12.Nxd5 Nxd5 13.Rxd5 Qb6 14.Nd2 Nf6 15.Nxc4 Qa6
16.Rd1 Be6 17.b3 Rad8 18.Bb2 Nd5 19.e4 Nb6 20.Qc3 Bf6 21.e5 Nxc4 22.bxc4 Rxd1+
23.Rxd1 Be7 24.Bd5 Bf8 25.Qb3 b6 26.Bxe6 Rxe6 27.Rd8 Qb7 28.Qd3 Qc6 29.Qd5 f6
30.f4 f5 31.Ra8 Kf7 32.Rxa7+ Kg6 33.g4 Qxd5 34.cxd5 Re8 35.gxf5+ Kxf5 36.Rf7+ Kg6
37.e6 c4 38.f5+ Kg5 39.Rxf8 Rxf8 40.e7 Ra8 41.d6 Kxf5 42.d7  1-0

[Event "ch-AUT"]
[Site "Jenbach AUT"]
[Date "2009.07.27"]
[Round "3"]
[White "Baumegger,S"]
[Black "Froewis,G"]
[Result "1-0"]
[WhiteElo "2455"]
[BlackElo "2220"]

1.c4 e6 2.Nf3 d5 3.d4 Nf6 4.e3 c5 5.cxd5 exd5 6.Bb5+ Nc6 7.O-O a6 8.Bxc6+ bxc6
9.Qc2 Bd7 10.dxc5 Qa5 11.Nc3 Qxc5 12.b3 Bd6 13.Bb2 O-O 14.Rac1 Qa7 15.Na4 Ne4
16.Bd4 Qc7 17.Nb6 Rae8 18.Nxd7 Qxd7 19.Qxc6 Qf5 20.Rfd1 Re6 21.Qd7 Bxh2+
22.Kf1 Bd6 23.Rc8 g5 24.Rxf8+ Bxf8 25.Bb2 g4 26.Rxd5 Ng3+ 27.fxg3 Qb1+ 28.Ne1 Qxb2
29.Rg5+ Rg6 30.Rxg6+ hxg6 31.Qxg4 Qxa2 32.Qc4 Bd6 33.g4 Bg3 34.Nc2 Qb1+ 35.Ke2 Qg1
36.Qe4 Qb1 37.Kf3 Bd6 38.Qd3 Be5 39.Ke4 Bf6 40.Nb4 Qb2 41.Kf3 Qe5 42.Qd4 Qe6
43.Qd5 Qb6 44.Nd3 a5 45.Nf2 Qa6 46.Qd3 Qb7+ 47.Ne4 Qa8 48.Qc4 Qd8 49.Ke2 Qe7
50.Qd5 Bg7 51.g5 Qa7 52.Qc6 Qb8 53.Qd5 Qa7 54.Nd6 Bf8 55.Ne8 Be7 56.Qe5 Bf8
57.Nf6+ Kg7 58.Qh2 Qa6+ 59.Kf2  1-0

[Event "Czech Open A"]
[Site "Pardubice CZE"]
[Date "2009.07.29"]
[Round "6"]
[White "Praznik,N"]
[Black "Simacek,P"]
[Result "1/2-1/2"]
[WhiteElo "2379"]
[BlackElo "2476"]

1.c4 e6 2.Nf3 d5 3.b3 d4 4.Bb2 c5 5.b4 Nc6 6.bxc5 Nf6 7.g3 Ne4 8.d3 Nxc5
9.Bg2 Be7 10.O-O O-O 11.Ba3 e5 12.Bxc5 Bxc5 13.Nbd2 Be6 14.Rb1 Qe7 15.Qa4 Rab8
16.Ne4 Bb6 17.Rb2 f5 18.Ned2 Bd7 19.Ne1 Na5 20.Qb4 Qxb4 21.Rxb4 Kf7 22.Rb2 Bc5
23.Nc2 Bc6 24.Rfb1 Rfc8 25.Bxc6 Nxc6 26.Rxb7+ Kf6 27.Rxb8 Rxb8 28.Rxb8 Nxb8
29.Nb3 Be7 30.e3 dxe3 31.fxe3 Nd7 32.d4 Nb6 33.c5 Nd5 34.Kf2 Ke6 35.a3 Nc3
36.Nb4 Bg5 37.c6 Be7 38.dxe5 Na4 39.Nd4+ Kxe5 40.c7 Nb6 41.Nbc6+ Kd6 42.Nxa7 Kxc7
43.Nab5+ Kb7 44.Nxf5 Bf6 45.Nbd6+ Kc6 46.Ne8 Bb2 47.Nexg7 Kd5 48.Kf3 Ke5
49.g4 Bxa3 50.Nh5 Nc4 51.Nhg3 Bc5 52.h4 Nd2+ 53.Ke2 Nc4 54.h5 Bb6 55.Kd3 Nb2+
56.Ke2 Nc4 57.Nf1 Kf6 58.Kf3 Kg5 59.Kg3 Ne5 60.Nh2 Bxe3 61.Nxe3 Nxg4 62.Nhxg4 Kxh5
63.Nf5 h6 64.Nh4 Kg5 65.Ne3 Kf6 66.Kf4 h5 67.Nc4 Ke6 68.Ke4 Kf6 69.Ne3 Kg5
70.Nef5 Kg4 71.Ke3 Kg5 72.Kf3 Kf6 73.Kf4 Ke6 74.Ne3 Kf6 75.Nd5+ Ke6 76.Ke4 Kd6
77.Nf4 Kc5 78.Nh3 Kc4 79.Ng5 Kc5 80.Nf7 Kc4 81.Nd6+ Kc5 82.Ke5 Kc6 83.Ne4 Kb6
84.Kd5 Kb5 85.Nd6+ Kb6 86.Ne4 Kb5 87.Nc3+ Kb4 88.Kd4 Kb3 89.Nd5 Kc2 90.Ke3 Kd1
91.Nb4 Kc1 92.Kd3 Kb2 93.Kc4 Kc1 94.Kd3 Kb2 95.Nd5 Kb3 96.Kd4 Kc2 97.Nf4 Kb3
98.Nd5 Kc2 99.Ke3 Kd1 100.Kd3 Kc1 101.Kc3 Kd1 102.Nf4 Ke1 103.Kd3 Kf2 104.Ne2 Ke1
105.Nc3 Kf2 106.Ne4+ Ke1 107.Nf3+ Kd1 108.Nf2+ Kc1 109.Kc3 h4 110.Nd4 h3
111.Ne2+ Kb1 112.Kb3 h2 113.Nh1 Ka1 114.Nf4 Kb1 115.Nd3 Ka1 116.Ndf2 Kb1
117.Ng4 Kc1 118.Nxh2  1/2-1/2

[Event "Continental ch-Americas"]
[Site "Sao Paulo BRA"]
[Date "2009.07.31"]
[Round "8"]
[White "Friedel,J"]
[Black "Barrientos,S"]
[Result "1-0"]
[WhiteElo "2547"]
[BlackElo "2474"]

1.c4 e6 2.Nf3 d5 3.d4 Nf6 4.g3 c6 5.Bg2 Nbd7 6.O-O Be7 7.Qc2 O-O 8.Nbd2 b6
9.Rd1 Ba6 10.e4 dxc4 11.Nxc4 Rc8 12.b3 b5 13.Nce5 Bb7 14.Be3 c5 15.Nxd7 Qxd7
16.dxc5 Qc7 17.c6 Qxc6 18.Qxc6 Bxc6 19.e5 Ng4 20.Bxa7 Bxf3 21.Bxf3 Nxe5 22.Be2 b4
23.Rac1 Rxc1 24.Rxc1 Ra8 25.Bd4 Bf6 26.Rc2 Nd7 27.Bf3 Rb8 28.Ba7 Rf8 29.Rc7 Rd8
30.Bc6 Ne5 31.Be4 Ng6 32.h4 Bc3 33.Kg2 f5 34.Bb1 Ne5 35.Bb6 Re8 36.f4 Nd3
37.Ba5 Ne1+ 38.Kf1 Nf3 39.Ke2 Nd2 40.Bd3 Ne4 41.Kf3 Nf6 42.Rb7 Nd5 43.Bc4 Ra8
44.Bb6 Rc8  1-0

[Event "ch-AUT"]
[Site "Jenbach AUT"]
[Date "2009.08.01"]
[Round "8"]
[White "Lehner,O"]
[Black "Halvax,G"]
[Result "1/2-1/2"]
[WhiteElo "2421"]
[BlackElo "2260"]

1.c4 e6 2.Nf3 d5 3.g3 Nf6 4.Bg2 Be7 5.O-O O-O 6.b3 c5 7.cxd5 Nxd5 8.Bb2 Nc6
9.Nc3 Bf6 10.Qc1 Nxc3 11.Bxc3 b6 12.Bxf6 Qxf6 13.d4 Ba6 14.Re1 Rac8 15.dxc5 Nb4
16.Qd2 bxc5 17.a3 Rfd8 18.Qc1 Nd5 19.e4 Nb6 20.e5 Qf5 21.Nh4 Qg4 22.Re4 Qh5
23.Bf3 Qh6 24.Qxh6 gxh6 25.Ng2 Rd2 26.Ne3 Rb2 27.Bd1 Bd3 28.Rg4+ Kf8 29.Rc1 Nd5
30.Nc4 Ra2  1/2-1/2

[Event "Arctic Chess Challenge"]
[Site "Tromso NOR"]
[Date "2009.08.04"]
[Round "4"]
[White "Wohl,A"]
[Black "Radulski,J"]
[Result "0-1"]
[WhiteElo "2387"]
[BlackElo "2539"]

1.c4 e6 2.Nf3 d5 3.g3 Nf6 4.Bg2 Be7 5.O-O O-O 6.b3 c5 7.Bb2 Nc6 8.e3 b6 9.Qe2 Bb7
10.Nc3 Qc7 11.Rfd1 Rad8 12.cxd5 exd5 13.d4 Qc8 14.Ne5 Nxe5 15.dxe5 Ne4 16.Nxe4 dxe4
17.Qh5 g6 18.Qe2 Ba6 19.Qc2 Bd3 20.Qc3 Qf5 21.Rd2 h5 22.h3 b5 23.Qa5 c4 24.bxc4 bxc4
25.Bc3 Qe6 26.Rb2 Rd7 27.h4 Bd8 28.Qb5 Bc7 29.f4 exf3 30.Bxf3 Bb6 31.Re1 Bf5
32.Bb4 Rc8 33.Bd6 Rxd6 34.exd6 Qxd6 35.Kh2 c3 36.Rg2 c2 37.e4 Bd7 38.Qb2 Qe6
39.g4 Qe7 40.Kh3 Bd8 41.Rg3 hxg4+ 42.Bxg4 Qxh4+ 43.Kg2 Bxg4 44.Rh1 Qxh1+  0-1

[Event "Arctic Chess Challenge"]
[Site "Tromso NOR"]
[Date "2009.08.09"]
[Round "9"]
[White "Jaeger,Fro"]
[Black "Vas,P SWE"]
[Result "0-1"]
[WhiteElo "2105"]
[BlackElo "2232"]

1.c4 e6 2.Nf3 d5 3.d4 c6 4.Qc2 Nf6 5.g3 dxc4 6.Qxc4 b5 7.Qc2 Bb7 8.Bg2 Nbd7
9.O-O c5 10.Nc3 a6 11.dxc5 Bxc5 12.a3 Rc8 13.b4 Ba7 14.Qd3 O-O 15.Bb2 Qb6
16.a4 Rfd8 17.axb5 Ne5 18.Nxe5 Rxd3 19.Nxd3 Bxg2 20.Kxg2 axb5 21.Nxb5 Bb8
22.Nd4 e5 23.Nf5 Qe6 24.Ne3 Nd5 25.Nxd5 Qxd5+ 26.Kg1 e4 27.Rfc1 Re8 28.Ne1 e3
29.f3 h5 30.Rc2 h4 31.f4 Bd6 32.Nf3 hxg3 33.hxg3 Bxb4 34.Rac1 Qf5 35.Kg2 Bd6
36.Rc4 f6 37.Rd1 Bb8 38.Ba1 Kf7 39.Rdc1 Rh8 40.Rc5  0-1

[Event "ch-CAN"]
[Site "Guelph CAN"]
[Date "2009.08.16"]
[Round "9"]
[White "Kaminski,T"]
[Black "Martchenko,A"]
[Result "0-1"]
[WhiteElo "2088"]
[BlackElo "2039"]

1.c4 e6 2.Nf3 d5 3.g3 c6 4.d4 Nf6 5.Bg2 Be7 6.O-O O-O 7.Qc2 b6 8.b3 a5 9.Rd1 Nbd7
10.Nbd2 Ba6 11.e4 Rc8 12.Bb2 Bb7 13.Rac1 c5 14.exd5 exd5 15.cxd5 Bxd5 16.Qb1 Qc7
17.dxc5 Bxc5 18.Bd4 Qb7 19.Bxc5 Nxc5 20.Ne1 Rfd8 21.Nc4 Nce4 22.Qb2 Ng5 23.h4 Ne6
24.Bxd5 Nxd5 25.Qe5 Nb4 26.a3 Nc6 27.Qb5 Ncd4 28.Qe5 Nxb3 29.Rxd8+ Rxd8 30.Rb1 Nec5
31.Qe3 a4 32.Rd1 Rf8 33.Rd6 b5 34.Rb6 Qd7 35.Ne5 Qe8 36.N1d3 Nxd3 37.Nxd3 Qd7
38.Nc5 Qd1+ 39.Kh2 Nd2 40.Kh3 Nc4  0-1

[Event "24th Open"]
[Site "Schwarzach AUT"]
[Date "2009.08.18"]
[Round "4"]
[White "Laqua,C"]
[Black "Frenkel,A"]
[Result "1/2-1/2"]
[WhiteElo "2157"]
[BlackElo "1995"]

1.c4 e6 2.Nf3 d5 3.g3 c5 4.Bg2 Nc6 5.O-O Be7 6.cxd5 exd5 7.d4 Nf6 8.dxc5 Bxc5
9.Nbd2 O-O 10.Nb3 Bb6 11.Nbd4 Re8 12.Re1  1/2-1/2

[Event "24th Open"]
[Site "Schwarzach AUT"]
[Date "2009.08.22"]
[Round "8"]
[White "Laqua,C"]
[Black "Lipp,A"]
[Result "1-0"]
[WhiteElo "2157"]
[BlackElo "2091"]

1.c4 e6 2.Nf3 d5 3.g3 Nf6 4.b3 c5 5.e3 Nc6 6.Bg2 Be7 7.O-O O-O 8.Qe2 Re8
9.Bb2 d4 10.exd4 cxd4 11.Ne5 Nxe5 12.Qxe5 Nd7 13.Qe2 e5 14.d3 Bf8 15.Re1 Nc5
16.Ba3 Qc7 17.Bxc5 Bxc5 18.a3 a5 19.f4 f6 20.Qh5 g6 21.Bd5+ Kg7 22.Qf3 h5
23.fxe5 Rxe5 24.Rxe5 Qxe5 25.Nd2 Qe3+ 26.Qxe3 dxe3 27.Nf3 Bg4 28.d4 Ba7 29.c5 Rd8
30.Bxb7 Bxf3 31.Bxf3 Rxd4 32.b4 Kf8 33.Rd1 Rxd1+ 34.Bxd1 axb4 35.axb4 Ke7
36.Bb3 f5 37.Kg2 Kf6 38.Kf3 Ke5 39.Kxe3 g5 40.Bf7 f4+ 41.gxf4+ gxf4+ 42.Kf3 h4
43.Kg4 Ke4 44.Kxh4 f3 45.Kg4 f2 46.Bc4 Kd4 47.Bf1 Kc3 48.c6 Bb6 49.b5 Kd4
50.Kf5 Bd8 51.Ke6  1-0

[Event "6th Open"]
[Site "Kalamaria GRE"]
[Date "2009.08.23"]
[Round "2"]
[White "Gelashvili,T"]
[Black "Ivakhin,M"]
[Result "1-0"]
[WhiteElo "2605"]
[BlackElo "2361"]

1.c4 e6 2.Nf3 d5 3.e3 Nf6 4.d4 Be7 5.b3 O-O 6.Bd3 b6 7.O-O Bb7 8.cxd5 exd5
9.Nc3 Ne4 10.Ne2 a5 11.Bb2 Na6 12.Rc1 Bd6 13.Ng3 g6 14.Bb5 f6 15.Qe2 c6 16.Bxc6 Bxc6
17.Rxc6 Nb4 18.Rcc1 Nxa2 19.Ra1 Nb4 20.Nxe4 dxe4 21.Nd2 f5 22.Ba3 Be7 23.Qb5 Qd5
24.Qxb6 Rfc8 25.Bxb4 Bxb4 26.Nc4 Rab8 27.Qf6 Rc6 28.Qe5 Qxe5 29.Nxe5 Rc2
30.Nc4 Bc3 31.Rab1 Kf7 32.Rfd1 Ke6 33.d5+ Kd7 34.g3 g5 35.d6 h5 36.Rd5 a4
37.b4 Ke6 38.Rbd1 Bf6 39.Na3 Rc1 40.Rxc1 Kxd5 41.d7 Rd8 42.Rc5+ Ke6 43.Ra5 Rxd7
44.Rxa4 h4 45.gxh4 gxh4 46.Ra6+ Ke7 47.h3 f4 48.exf4 Rd3 49.Kg2 Rd2 50.Nc4 Rd4
51.Ne3 Kf7 52.Ng4 Bg7 53.f5 Rxb4 54.f6  1-0